| 000 | 00864nam a2200277Ia 4500 | ||
|---|---|---|---|
| 003 | OSt | ||
| 005 | 20221006155123.0 | ||
| 006 | a|||||r|||| 00| 0 | ||
| 007 | ta | ||
| 008 | 221006b |||||||| |||| 00| 0 eng d | ||
| 020 |
_a9780804732840 _c¥13965 |
||
| 024 | _a40,417 | ||
| 037 |
_bGift, Japan Foundation _cTextual |
||
| 040 |
_aEASL _cEASL _beng |
||
| 041 |
_2eng _aeng |
||
| 082 | _aO42,1y7I32, P2 | ||
| 100 |
_aHORTONQ Harry M. _9668412 |
||
| 245 | 0 |
_aSong in an age of discord _b The Journal of Socho and poetic life in late Medieval Japan |
|
| 260 |
_aStanford _bStanford University Press _c2002 |
||
| 300 |
_a448p. _ccm. |
||
| 490 | _v JEL | ||
| 650 | _aJEL | ||
| 700 |
_a HORTONQ Ann D. _9668413 |
||
| 942 |
_hO42,1y7I32, P2 _cTEXL _2CC |
||
| 999 |
_c1108503 _d1108503 |
||